[Event "US-op"]
[Site "Las Vegas"]
[Date "1997.??.??"]
[Round "2"]
[White "Kapstan, Aron"]
[Black "Baburin, Alexander"]
[Result "0-1"]
[WhiteElo "2250"]
[BlackElo "2610"]

1.d4 d5 2.c4 dxc4 3.e4 Nc6 4.Nf3 Bg4 5.Bxc4 e6 6.Be3 Bxf3 7.gxf3 Qf6 8.Nc3 O-O-O
9.d5 Bb4 10.Bd2 exd5 11.exd5 Ne5 12.Be2 Ne7 13.Kf1 Bxc3 14.Bxc3 Nxd5 15.Qa4 Nxc3
16.bxc3 Qf5 17.h3 Kb8 18.Qe4 Qxe4 19.fxe4 g5 20.Rg1 h6 21.Rg3 c6 22.Ke1 Kc7
23.Rd1 Rxd1+ 24.Kxd1 Kd6 25.Kc2 Kc5 26.Rg1 Rd8 27.Rd1 Rxd1 28.Kxd1 Ng6 29.Kc2 Nf4
30.Bg4 h5 31.Bc8 b6 32.Kd2 Kd6 33.Ke3 Ke5 34.f3 c5 35.Bd7 h4 36.a4 Kd6 37.Bc8 f6
38.Kd2 Ke5 39.Ke3 Ng6 40.Ba6 Ne7 41.Bd3 Nc8 42.Bb5 Nd6 43.Ba6 f5 44.exf5 Nxf5+
45.Kf2 Kf4 46.Bb7 Ne3 47.Ke2 Nc4 48.Kf2 Nb2 49.Bc6  0-1

[Event "Linares-B"]
[Site "Linares"]
[Date "1997.??.??"]
[Round "7"]
[White "Ortega Ruiz, Jose Migues"]
[Black "Llopis, Manuel"]
[Result "1/2-1/2"]
[WhiteElo "2120"]
[BlackElo "2240"]

1.d4 d5 2.c4 dxc4 3.e4 c5 4.Nf3 cxd4 5.Qxd4 Qxd4 6.Nxd4 Bd7 7.Bxc4 Nc6 8.Nxc6 Bxc6
9.Nc3 Rc8 10.O-O e6 11.Be3 a6 12.f3 Nf6 13.Rac1 Be7 14.Bb3 O-O 15.Na4 Nd7
16.Rfd1 Rfd8 17.Nb6 Nxb6 18.Bxb6 Rxd1+ 19.Rxd1 Bf6 20.Bd4 Bxd4+ 21.Rxd4 e5
22.Rd2 Kf8 23.Kf2 Ke7 24.g3 a5 25.Ke3 b6 26.Rc2 f6 27.f4 Kd6 28.a3 Re8 29.f5 b5
30.g4 h6 31.h4 Rb8 32.Rd2+ Ke7 33.Rc2 Kd6 34.Rd2+ Kc5 35.Bd5 Bxd5 36.Rxd5+ Kc6
37.Kd3 Rg8 38.h5 Rc8 39.b3 Kb6 40.Rd7 Rc7  1/2-1/2

[Event "Ljubljana"]
[Site "Ljubljana"]
[Date "1997.??.??"]
[Round "9"]
[White "Soln, Primoz"]
[Black "Pavasovic, Dusko"]
[Result "0-1"]
[WhiteElo "2320"]
[BlackElo "2460"]

1.d4 d5 2.c4 dxc4 3.e4 Nf6 4.e5 Nd5 5.Bxc4 Nb6 6.Bb3 Nc6 7.Ne2 Bf5 8.Nbc3 e6
9.O-O Be7 10.Be3 Qd7 11.Rc1 O-O 12.a3 Na5 13.Bc2 Bxc2 14.Qxc2 Nac4 15.Ne4 Qb5
16.N2c3 Qxb2 17.Qd3 Rad8 18.Bg5 Nxe5 19.Qh3 Ng6 20.Bxe7 Nxe7 21.Rb1 Qxa3
22.Ra1 Qb4 23.Rxa7 Rxd4 24.f3 Rd3 25.Ne2 Nbd5  0-1

[Event "Rheinhessen-ch H2 op"]
[Site "Mainz"]
[Date "1997.??.??"]
[Round "4"]
[White "Dornhard, Oliver"]
[Black "Schwab, Michael"]
[Result "1-0"]
[WhiteElo "1265"]
[BlackElo "1141"]

1.d4 d5 2.c4 dxc4 3.e4 Nf6 4.Nc3 e6 5.Bxc4 Nc6 6.Nf3 Bb4 7.Bg5 O-O 8.e5 h6
9.exf6 hxg5 10.fxg7 Kxg7 11.O-O Bxc3 12.bxc3 Qe7 13.d5 Nd8 14.Qd4+ f6 15.dxe6 Nxe6
16.Bxe6 Bxe6 17.Nxg5 c5 18.Nxe6+ Qxe6 19.Qxc5 Rfc8 20.Qb4 b6 21.Rfe1 Qf5
22.Re7+ Kg6 23.g4 Qd3 24.f4 Kh6 25.Qd4 Qxd4+ 26.cxd4 Rc2 27.Re6 Kg7 28.Rae1  1-0

[Event "Manchester op"]
[Site "Manchester"]
[Date "1997.??.??"]
[Round "5"]
[White "Gormally, Daniel"]
[Black "Bosch, Jeroen"]
[Result "1/2-1/2"]
[WhiteElo "2425"]
[BlackElo "2405"]

1.d4 d5 2.c4 dxc4 3.e4 Nc6 4.Be3 Nf6 5.Nc3 e5 6.d5 Na5 7.Nf3 Bd6 8.Bxc4 Nxc4
9.Qa4+ Bd7 10.Qxc4 a6 11.a3 h6 12.O-O O-O 13.Qd3 Nh5 14.Nd2 Qf6 15.Nc4 Qg6
16.f3 f5 17.Nxd6 cxd6 18.Rac1 Rac8 19.Kh1 Nf6 20.a4  1/2-1/2

[Event "Mar del Plata op"]
[Site "Mar del Plata"]
[Date "1997.??.??"]
[Round "8"]
[White "Pereyra Arcija, Diego"]
[Black "Dos Santos, Freire Ramiro"]
[Result "1-0"]
[WhiteElo "2450"]
[BlackElo "2360"]

1.d4 d5 2.c4 dxc4 3.e4 Nf6 4.e5 Nd5 5.Bxc4 Nb6 6.Bd3 Nc6 7.Be3 Be6 8.Nc3 Bc4
9.Bxc4 Nxc4 10.Qe2 Nb6 11.e6 fxe6 12.Nf3 Nd5 13.Ne4 Nxe3 14.Qxe3 Qd5 15.O-O g6
16.Nc5 O-O-O 17.Nxe6 Rd6 18.Nf4 Qf5 19.d5 Nb8 20.Rac1 Bh6 21.Qc3 c6 22.Qxh8+ Rd8
23.Qxh7 Bxf4 24.Rc4 Bd6 25.dxc6 Nxc6 26.Nd4 Qe5 27.Qh3+ Kb8 28.Nxc6+ bxc6
29.Qb3+ Ka8 30.g3 Bc5 31.Qc2 Bb6 32.Rxc6 Kb7 33.Rxg6 Rc8 34.Qb3 Qf5 35.Qe6 Qf3
36.Qxe7+ Rc7 37.Rxb6+ axb6 38.Qe3 Qd5 39.b3 Qh5 40.Rc1 Rh7 41.h4  1-0

[Event "CRO-chT (Women)"]
[Site "Medulin"]
[Date "1997.??.??"]
[Round "?"]
[White "Dengler, Dijana"]
[Black "Paraminski, Albina"]
[Result "0-1"]
[WhiteElo "2120"]
[BlackElo "2170"]

1.d4 d5 2.c4 dxc4 3.e4 e5 4.d5 f5 5.Bxc4 Nf6 6.Nc3 Bd6 7.Bg5 h6 8.Bxf6 Qxf6
9.Qh5+ g6 10.Qh3 Bd7 11.Qe3 a6 12.Nf3 b5 13.Bd3 f4 14.Qe2 O-O 15.h3 Be8 16.Nh2 Nd7
17.Ng4 Qh4 18.O-O-O h5 19.Nh2 Qf6 20.Nf3 g5 21.h4 g4 22.Ng5 Nc5 23.Bc2 b4
24.Nb1 Bb5 25.Qe1 a5 26.Nd2 a4 27.Kb1 Ra7 28.g3 f3 29.Qe3 Rfa8 30.Ne6 Nxe6
31.dxe6 Kh7 32.Rc1 Qxe6 33.Qg5 Qh6 34.Qf5+ Qg6 35.Rhe1 Qxf5 36.exf5 Kg7 37.Ne4 b3
38.Bd1 bxa2+ 39.Kxa2 Bd7 40.f6+ Kf7 41.Re3 Be6+ 42.Ka1 a3 43.b3 a2 44.Nxd6+ cxd6
45.Rec3 Kxf6 46.Rc6 Ra6 47.Rc7 R8a7 48.Rxa7 Rxa7 49.Rc6 Ke7 50.Bc2 Bd5 51.Rc8 Ra6
52.Rc7+ Ke6 53.Bg6 Kf6 54.Bc2 e4 55.Rh7 e3 56.Rh6+ Kg7  0-1

[Event "Mexico City m"]
[Site "Mexico"]
[Date "1997.??.??"]
[Round "4"]
[White "Amura, Claudia Noemi"]
[Black "Gonzalez Garcia, Jose"]
[Result "1/2-1/2"]
[WhiteElo "2360"]
[BlackElo "2475"]

1.d4 d5 2.c4 dxc4 3.e4 e5 4.Bxc4 exd4 5.Nf3 Nc6 6.O-O Be6 7.Bxe6 fxe6 8.Qb3 Qd7
9.Qxb7 Rb8 10.Qa6 Nf6 11.Nbd2 Bb4 12.Qd3 Bxd2 13.Bxd2 Rxb2 14.Rac1 O-O 15.Rc5 Ng4
16.Bc1 Nb4 17.Qc4 Rc2 18.Qxb4 Qd6 19.Qxd4 Qxc5 20.Qxc5 Rxc5 21.Ba3 Ra5 22.Bxf8 Kxf8
23.Nd4 e5 24.Ne6+ Kf7 25.Nxc7 Rxa2 26.h3 Nf6 27.f4 exf4 28.e5 Nh5 29.g4 Ng3
30.Rxf4+ Ke7 31.Rf3 Ne4 32.Re3 Ra4 33.Kg2 Rc4 34.Nd5+ Ke6 35.Nf4+ Kxe5 36.Kf3 Rc3
37.Nd3+ Kd5 38.Nf4+ Ke5 39.Nd3+ Kd5 40.Nf4+ Ke5  1/2-1/2

[Event "Mexico City m"]
[Site "Mexico"]
[Date "1997.??.??"]
[Round "6"]
[White "Amura, Claudia Noemi"]
[Black "Gonzalez Garcia, Jose"]
[Result "1/2-1/2"]
[WhiteElo "2360"]
[BlackElo "2475"]

1.d4 d5 2.c4 dxc4 3.e4 e5 4.Nf3 exd4 5.Bxc4 Nc6 6.a3 Be6 7.Bxe6 fxe6 8.Qb3 Qd7
9.Qxb7 Rb8 10.Qa6 Bc5 11.O-O Nge7 12.Nbd2 O-O 13.b4 Bb6 14.Qd3 Ng6 15.Nc4 a6
16.Bd2 Rf6 17.Rac1 Rbf8 18.b5 axb5 19.Nxb6 cxb6 20.Qxb5 e5 21.Ng5 h6 22.Qd5+ Qxd5
23.exd5 hxg5 24.dxc6 Nf4 25.Bxf4 gxf4 26.Rfe1 Rc8 27.Rxe5 Rfxc6 28.Rxc6 Rxc6
29.Kf1 f3 30.gxf3 Rc3 31.Rb5 d3 32.Ke1 Rxa3 33.Rxb6 Ra1+ 34.Kd2 Ra2+  1/2-1/2

[Event "Amber-blind 6th"]
[Site "Monte Carlo"]
[Date "1997.??.??"]
[Round "6"]
[White "Karpov, Anatoly"]
[Black "Lautier, Joel"]
[Result "1-0"]
[WhiteElo "2760"]
[BlackElo "2630"]

1.d4 d5 2.c4 dxc4 3.e4 Nc6 4.Nf3 Bg4 5.d5 Ne5 6.Bf4 Ng6 7.Be3 Nf6 8.Nc3 e6
9.Qa4+ Qd7 10.Qxd7+ Kxd7 11.Ng5 exd5 12.Nxf7 Rg8 13.f3 Be6 14.Ng5 c6 15.O-O-O h6
16.Nxe6 Kxe6 17.Bd4 Bd6 18.Bxf6 gxf6 19.exd5+ cxd5 20.Rxd5 Ne5 21.g3 Bb4
22.Rd4 Rgd8 23.Bxc4+ Kf5 24.Bd5 Bc5 25.Rh4 Kg6 26.Rd1 Kg7 27.Bxb7 Rxd1+ 28.Kxd1 Rb8
29.Be4 Rxb2 30.Na4 Rb5 31.f4 Nf7 32.Rh5 Nd6 33.Rxc5 Rb4 34.Rc7+ Kf8 35.Bc2 Nc4
36.Ke2  1-0

[Event "Moscow"]
[Site "Moscow"]
[Date "1997.??.??"]
[Round "6"]
[White "Zenin, Dmitri"]
[Black "Medvedkov, Anton"]
[Result "1-0"]
[WhiteElo "2315"]
[BlackElo "2300"]

1.d4 d5 2.c4 dxc4 3.e4 Nf6 4.e5 Nd5 5.Bxc4 Nb6 6.Bb3 Bf5 7.Nc3 e6 8.Nge2 Nc6
9.O-O Qd7 10.a3 Be7 11.Ba2 Bd8 12.Be3 Ne7 13.Ng3 Bg6 14.Nge4 Bxe4 15.Nxe4 c6
16.Nd6+ Kf8 17.Qh5 Ned5 18.Bd2 Nc8 19.Bxd5 cxd5 20.Rac1 Nxd6 21.exd6 Kg8
22.Bf4 h6 23.Rc3 Rc8 24.Rfc1 Rxc3 25.Rxc3 g6 26.Qe2 Kg7 27.Be5+ f6 28.Bxf6+ Kxf6
29.Qe5+ Kf7 30.Qxh8 Qxd6 31.Rf3+ Ke7 32.Qg7+ Ke8 33.Qf7+  1-0

[Event "Nigran"]
[Site "Nigran"]
[Date "1997.??.??"]
[Round "3"]
[White "Paramos Dominguez, Roberto"]
[Black "Estevez Rodriguez, Luis Alberto"]
[Result "1/2-1/2"]
[WhiteElo "2405"]
[BlackElo "2195"]

1.d4 d5 2.c4 dxc4 3.e4 Nf6 4.e5 Nd5 5.Bxc4 Nb6 6.Bb3 Bf5 7.Nc3 Nc6 8.Nge2 e6
9.O-O Be7 10.Be3 Qd7 11.Rc1 Rd8 12.h3 Na5 13.Bc2 Bxc2 14.Qxc2 Nc6 15.Qe4 O-O
16.Qg4 f5 17.exf6 Bxf6 18.Ne4 e5 19.Nxf6+ Rxf6 20.dxe5 Nxe5 21.Qg3 Re8 22.Rfd1 Qf7
23.Nf4 Nbc4 24.Nd5 Rg6 25.Qf4 c6 26.Qxf7+ Kxf7 27.Nf4 Nxe3  1/2-1/2

[Event "Nova Gorica op"]
[Site "Nova Gorica"]
[Date "1997.??.??"]
[Round "5"]
[White "Savchenko, Stanislav"]
[Black "Zaja, Ivan"]
[Result "1-0"]
[WhiteElo "2575"]
[BlackElo "2440"]

1.d4 d5 2.c4 dxc4 3.e4 Nc6 4.Be3 e5 5.d5 Nce7 6.Bxc4 Ng6 7.Bb5+ Bd7 8.Qb3 b6
9.Ne2 Nf6 10.f3 a6 11.Bxd7+ Nxd7 12.Nd2 Bc5 13.O-O Qg5 14.Nc4 O-O 15.Kh1 Bxe3
16.Qxe3 Qxe3 17.Nxe3 Ne7 18.Rfd1 Ra7 19.Rac1 Rc8 20.Nc4 f6 21.Rc3 a5 22.Rc2 b5
23.Ne3 Rb8 24.Rdc1 Rbb7 25.g4 g6 26.Kg2 Kf7 27.h4 a4 28.g5 f5 29.Rc6 fxe4
30.fxe4 Nxc6 31.dxc6 Rb6 32.Nd5 Rba6 33.cxd7 Rd6 34.Nf6 Rd2 35.Rc2  1-0

[Event "RUS-Cup9"]
[Site "Novgorod"]
[Date "1997.??.??"]
[Round "2"]
[White "Vyzmanavin, Alexey"]
[Black "Vaulin, Alexander"]
[Result "1/2-1/2"]
[WhiteElo "2585"]
[BlackElo "2490"]

1.d4 d5 2.c4 dxc4 3.e4 c5 4.d5 e6 5.Bxc4 Nf6 6.Nc3 exd5 7.Nxd5 Nxd5 8.Bxd5 Be7
9.Nf3 O-O 10.O-O Na6 11.Bc4 Be6 12.Bxe6 fxe6 13.Qe2 Nb4 14.Rd1 Qb6 15.Be3 Rad8
16.a3 Qa6 17.Qxa6 Nxa6 18.Bg5 Bxg5 19.Nxg5 Nc7 20.Kf1 h6 21.Nf3 Nb5 22.Rac1 b6
23.Ne5 Rxd1+ 24.Rxd1 Nd4 25.b4 Nc2 26.Rd7 cxb4 27.axb4 Ra8 28.Nc6 a5 29.bxa5 bxa5
30.Rd2 Nb4 31.Nxb4 axb4 32.Rb2 Ra4 33.Ke2  1/2-1/2

[Event "RUS-chT"]
[Site "Orel"]
[Date "1997.??.??"]
[Round "?"]
[White "Volkov, Sergey"]
[Black "Nikitin, Andrey"]
[Result "1-0"]
[WhiteElo "2480"]
[BlackElo "2480"]

1.d4 d5 2.c4 dxc4 3.e4 Nf6 4.e5 Nd5 5.Bxc4 Nb6 6.Bd3 Nc6 7.Ne2 Be6 8.Nbc3 Qd7
9.Ne4 Bd5 10.O-O e6 11.a3 Be7 12.Qc2 f5 13.exf6 gxf6 14.Be3 f5 15.Nc5 Bxc5
16.dxc5 Qg7 17.Nf4 Bxg2 18.Nxg2 Rg8 19.f4 Nd5 20.Rae1 O-O-O 21.Bc4 Nd4 22.Qf2 Nxe3
23.Rxe3 Qe7 24.b4  1-0

[Event "PER-ch45"]
[Site "Peru"]
[Date "1997.??.??"]
[Round "2"]
[White "Urday, Henry"]
[Black "Cruz, Filemon"]
[Result "1/2-1/2"]
[WhiteElo "2440"]
[BlackElo "2355"]

1.d4 d5 2.c4 dxc4 3.e4 Nf6 4.Nc3 e5 5.d5 c6 6.Bxc4 Bb4 7.Qb3 a5 8.dxc6 O-O
9.cxb7 Bxb7 10.f3 Nc6 11.Ne2 a4 12.Qc2 Nd4 13.Qd3 Qb6 14.Be3  1/2-1/2

[Event "Polanica Zdroj op"]
[Site "Polanica Zdroj"]
[Date "1997.??.??"]
[Round "7"]
[White "Gritsak, Orest"]
[Black "Bernard, Ryszard"]
[Result "1/2-1/2"]
[WhiteElo "2470"]
[BlackElo "2360"]

1.d4 d5 2.c4 dxc4 3.e4 c5 4.d5 e6 5.Nc3 Nf6 6.Bxc4 exd5 7.Nxd5 Nxd5 8.Bxd5 Be7
9.Qh5 O-O 10.Nf3 Nd7 11.Ng5 Bxg5 12.Bxg5 Nf6 13.Bxf6 Qxf6 14.O-O Qxb2 15.Rab1 Qf6
16.Rfc1 Rb8 17.Rxc5 Be6 18.g3 g6 19.Qe2 Bxd5 20.exd5 Rfd8 21.Qc4 Qd6 22.a4 b6
23.Rc7 a6 24.Ra7 b5 25.axb5 axb5 26.Rxb5 Rxb5 27.Qxb5 Qxd5  1/2-1/2

[Event "POL-ch sf"]
[Site "Poraj "]
[Date "1997.??.??"]
[Round "10"]
[White "Rosenbeiger, Alan"]
[Black "Szymczak, Zbigniew"]
[Result "0-1"]
[WhiteElo "2130"]
[BlackElo "2320"]

1.d4 d5 2.c4 dxc4 3.e4 Nf6 4.e5 Nd5 5.Bxc4 Nb6 6.Bb3 Nc6 7.Ne2 Bg4 8.f3 Bf5
9.Nbc3 e6 10.O-O Be7 11.Be3 Na5 12.g4 Nxb3 13.axb3 Bg6 14.f4 f5 15.exf6 Bxf6
16.Ra5 O-O 17.h4 Bxh4 18.g5 Nd5 19.Nxd5 exd5 20.Nc3 c6 21.Ra1 Qd7 22.Kg2 Rae8
23.Bd2 b5 24.b4 h6 25.Qf3 Bxg5 26.Qg3 Be4+ 27.Kh2 Bf6 28.Be3 Rf7 29.Ra6 Bd8
30.Rfa1 Bb6 31.Rg1 Qf5 32.Qh4 Re6 33.Ne2 Bf3  0-1

[Event "Pula op"]
[Site "Pula"]
[Date "1997.??.??"]
[Round "5"]
[White "Sturua, Zurab"]
[Black "Ehlvest, Jaan"]
[Result "1-0"]
[WhiteElo "2560"]
[BlackElo "2635"]

1.d4 d5 2.c4 dxc4 3.e4 Nc6 4.Nf3 Bg4 5.Bxc4 e6 6.Be3 Bxf3 7.gxf3 Qf6 8.Nc3 O-O-O
9.d5 Bb4 10.Qb3 exd5 11.exd5 Bxc3+ 12.Qxc3 Ne5 13.O-O-O Ne7 14.Bb3 Nf5 15.Bf4 Rhe8
16.Rhe1  1-0

[Event "EU-chT (Men)"]
[Site "Pula"]
[Date "1997.??.??"]
[Round "9"]
[White "Beliavsky, Alexander G"]
[Black "Kortschnoj, Viktor"]
[Result "0-1"]
[WhiteElo "2665"]
[BlackElo "2635"]

1.d4 d5 2.c4 dxc4 3.e4 Nf6 4.e5 Nd5 5.Bxc4 Nb6 6.Bb3 Nc6 7.Ne2 Bf5 8.Nbc3 e6
9.a3 Qd7 10.O-O O-O-O 11.Be3 f6 12.exf6 gxf6 13.Na4 h5 14.Rc1 h4 15.Nc5 Bxc5
16.Rxc5 Kb8 17.Bc2 Ne7 18.Nf4 Rhg8 19.Bxf5 Nxf5 20.Qf3 Nd5 21.Nxd5 exd5 22.Rfc1 c6
23.b4 Ka8 24.a4 h3 25.g3 Qe6 26.Kf1 Nd6 27.b5 Ne4 28.R5c2 c5 29.dxc5 d4 30.Rc4 f5
31.Bf4 d3 32.c6 bxc6 33.Rxc6 Qd5 34.Kg1 d2 35.Rd1 Rge8 36.Be3 f4 37.Rxd2 Nxd2
38.Rc8+ Kb7 39.Qxd5+ Rxd5 40.Rxe8 Nf3+ 41.Kf1 Nxh2+ 42.Ke2 fxe3 43.Rh8 Ng4  0-1

[Event "Singapore Double Round"]
[Site "Singapore"]
[Date "1997.??.??"]
[Round "7"]
[White "Lee Wang Sheng"]
[Black "Ardiansyah, Haji"]
[Result "0-1"]
[WhiteElo "2280"]
[BlackElo "2415"]

1.d4 d5 2.c4 dxc4 3.e4 b5 4.a4 Bb7 5.axb5 Bxe4 6.Nc3 Bb7 7.Nf3 e6 8.Bxc4 Nd7
9.O-O Ngf6 10.Qe2 Be7 11.Ne5 O-O 12.Rd1 Nb6 13.Bd3 Nbd5 14.Ne4 Nxe4 15.Bxe4 f5
16.Bf3 Bd6 17.Nd3 Qh4 18.Qxe6+ Kh8 19.Ne5 Rf6 20.g3 Qxh2+ 21.Kxh2 Rxe6 22.Nc4 f4
23.Na5 fxg3+ 24.fxg3 Rf8 25.Nxb7 Rxf3 26.Nxd6 cxd6 27.Rxa7 h6 28.Ra3 Re2+
29.Kh3 Rff2 30.Rh1 Kh7 31.Rb3 Nb6 32.Bf4 g5 33.Bxd6 Nc4 34.Bc7 h5 35.g4 Ne3
36.gxh5 Rf3+ 37.Bg3 Rg2 38.Rxe3 Rgxg3+ 39.Kh2 Rxe3 40.Rc1 Rh3+  0-1

[Event "Solin"]
[Site "Solin"]
[Date "1997.??.??"]
[Round "6"]
[White "Ward, Christopher"]
[Black "Zaja, Ivan"]
[Result "1/2-1/2"]
[WhiteElo "2490"]
[BlackElo "2440"]

1.d4 d5 2.c4 dxc4 3.e4 Nf6 4.e5 Nd5 5.Bxc4 Nb6 6.Bb3 Nc6 7.Nf3 Bg4 8.Bxf7+ Kxf7
9.Ng5+ Ke8 10.Qxg4 Qxd4 11.Qe2 Qxe5 12.Be3 Nd5 13.Nf3 Qf5 14.O-O e6 15.Bd2 Bd6
16.Re1 Rf8  1/2-1/2

[Event "SWZ-chT9697"]
[Site "SWZ"]
[Date "1997.??.??"]
[Round "?"]
[White "Rueetschi, Urs"]
[Black "Sherwin, James T"]
[Result "0-1"]
[WhiteElo "2250"]
[BlackElo "2315"]

1.d4 d5 2.c4 dxc4 3.e4 Nc6 4.Be3 Nf6 5.Nc3 e5 6.d5 Na5 7.Nf3 Bd6 8.Nd2 a6
9.Nxc4 Nxc4 10.Bxc4 Ng4 11.O-O Qh4 12.h3 Nxe3 13.fxe3 O-O 14.Rf3 Bd7 15.Qf1 b5
16.Bd3 b4 17.Ne2 f5 18.Qf2 Qe7 19.Rc1 fxe4 20.Bxe4 Rxf3 21.Qxf3 Rf8 22.Qg3 Bb5
23.Re1 Qf6 24.Kh2 Qf2 25.Ng1 Bd3 26.Qxf2 Rxf2 27.Bxd3 e4+ 28.Kh1 exd3 29.Nf3 Rxb2
30.e4 Bf4 31.Rd1 Rxa2 32.g3 Bxg3 33.Rxd3 Ra3  0-1

[Event "Ubeda op"]
[Site "Ubeda"]
[Date "1997.??.??"]
[Round "3"]
[White "Ibragimov, Ildar"]
[Black "Estrada Nieto, Julian"]
[Result "1-0"]
[WhiteElo "2555"]
[BlackElo "2340"]

1.d4 d5 2.c4 dxc4 3.e4 c5 4.d5 e6 5.Nc3 exd5 6.Nxd5 Ne7 7.Bxc4 Nxd5 8.Bxd5 Be7
9.Nf3 O-O 10.O-O Qb6 11.Be3 Nc6 12.Rc1 Bg4 13.h3 Be6 14.Bxe6 fxe6 15.Qc2 Qa6
16.Bxc5 Bxc5 17.Qxc5 Qxa2 18.Qb5 a6 19.Qxb7 Na5 20.Qc7 Rf7 21.Qe5 Nb7 22.Ng5 Re7
23.Rc7 Rxc7 24.Qxc7 Qxb2 25.e5 Qb3 26.Qf7+ Kh8 27.Nxe6 Rg8 28.Nd8  1-0

[Event "Ubeda op"]
[Site "Ubeda"]
[Date "1997.??.??"]
[Round "8"]
[White "Giorgadze, Giorgi"]
[Black "Gonzalez Garcia, Jose"]
[Result "1-0"]
[WhiteElo "2595"]
[BlackElo "2475"]

1.d4 d5 2.c4 dxc4 3.e4 Nf6 4.e5 Nd5 5.Bxc4 Nb6 6.Bb3 Nc6 7.Ne2 Bg4 8.Nbc3 e6
9.O-O Qd7 10.Be3 O-O-O 11.f3 Bf5 12.Bf2 Be7 13.Rc1 Kb8 14.Na4 Nb4 15.Nc5 Qe8
16.Ng3 Bxc5 17.Nxf5 Bf8 18.Ng3 N4d5 19.Ne4 f5 20.Nc5 c6 21.a4 Bxc5 22.dxc5 Na8
23.Qd2 Nac7 24.Rfd1 Qe7 25.Bc4 a6 26.b4 Kc8 27.Bf1 Kd7 28.b5 axb5 29.axb5 cxb5
30.c6+ bxc6 31.Qc2 Ke8 32.Qxc6+ Kf7 33.Bc5 Qd7 34.Bd6 Qxc6 35.Rxc6 Ne8 36.Bc5 b4
37.Bc4 Nec7 38.Bxb4 Nxb4 39.Rxc7+ Kg6 40.Rxd8 Rxd8 41.Bxe6 f4 42.g4 Rd1+
43.Kf2 Rd2+ 44.Ke1 Rxh2 45.Bf5+ Kh6 46.Be4 Ra2 47.Rc4  1-0

[Event "Villa Martelli"]
[Site "Villa Martelli"]
[Date "1997.??.??"]
[Round "7"]
[White "Ehlvest, Jaan"]
[Black "Spangenberg, Hugo"]
[Result "1/2-1/2"]
[WhiteElo "2635"]
[BlackElo "2550"]

1.d4 d5 2.c4 dxc4 3.e4 c5 4.d5 Nf6 5.Nc3 e6 6.Bxc4 exd5 7.Nxd5 Nxd5 8.Bxd5 Be7
9.Nf3 O-O 10.O-O Nd7 11.Qe2 Nb6 12.Bb3 Bg4 13.Be3 Rc8 14.Rac1 Qe8 15.Rfd1 Qc6
16.h3 Bh5 17.Bc2 Qe6 18.b3 Bg6 19.Nd2 f5 20.b4 c4 21.Bxb6 axb6 22.Nxc4 Kh8
23.Bb3 Qxe4 24.Qxe4 fxe4 25.Ne5 Rxc1 26.Rxc1  1/2-1/2

[Event "Excelsior Cup"]
[Site "Gothenburg"]
[Date "1998.01.08"]
[Round "2"]
[White "Ziegler, Ari"]
[Black "Hartman, Christer"]
[Result "0-1"]
[WhiteElo "2440"]
[BlackElo "2320"]

1.d4 d5 2.c4 dxc4 3.e4 Nf6 4.e5 Nd5 5.Bxc4 Nb6 6.Bd3 Nc6 7.Be3 Be6 8.Nf3 Qd7
9.Nc3 Nb4 10.Be2 Bg4 11.h3 Bf5 12.O-O h6 13.Qd2 e6 14.g4 Bh7 15.Kh2 Be7 16.Rg1 O-O-O
17.Rgc1 Kb8 18.Nb5 Nc6 19.a3 Be4 20.Ne1 f6 21.f3 Bg6 22.exf6 Bxf6 23.Kg2 a6
24.a4 Nd5 25.Rc4 e5 26.Nd3 Nxe3+ 27.Qxe3 exd4 28.Qd2 Bg5 29.Qd1 Rhe8 30.Bf1 Qd5
31.Rc5 Qe6 32.b4 Rd5 33.Nxc7 Kxc7 34.b5 Bxd3 35.Rxd5 Bxf1+ 36.Qxf1 Qxd5 37.bxc6 Qxc6
38.h4 Bf4  0-1

[Event "CRO-ch (Women)"]
[Site "Pula"]
[Date "1998.01.11"]
[Round "2"]
[White "Trtanj, Tina"]
[Black "Bazaj Bockai, Snjezana"]
[Result "1/2-1/2"]
[WhiteElo "2105"]
[BlackElo "2180"]

1.d4 d5 2.c4 dxc4 3.e4 Nf6 4.Nc3 e5 5.d5 Bc5 6.Bxc4 Ng4 7.Nh3 h6 8.Qf3 O-O
9.O-O a6 10.Nd1 b5 11.Bb3 Qf6 12.Qg3 a5 13.a3 Na6 14.Kh1 Qb6 15.Ng1 Kh8 16.f3 Nf6
17.Qxe5 Bd4 18.Qf4 Nc5 19.Bc2 Re8 20.Be3 Bxe3 21.Nxe3 Na4 22.e5 Nxb2 23.exf6 Qxe3
24.Rfe1 Qxe1 25.Rxe1 Rxe1 26.Qg3 gxf6 27.Qxe1 Bb7 28.Qe4 Kg7 29.Qh7+ Kf8
30.Qxh6+ Ke7 31.Nh3 Bxd5 32.Qe3+ Kd6 33.Qf4+ Kc5 34.Qxf6 Nc4 35.Nf4 Nxa3
36.Qe5 Rd8 37.Qe3+ Kb4 38.Qd4+ Bc4 39.Qxd8 Nxc2 40.Qxc7 a4 41.Qd6+ Kb3 42.Nd3 a3
43.Nc5+ Kb2 44.Qe5+ Kc1 45.Qf4+ Kb2  1/2-1/2

[Event "Excelsior Cup"]
[Site "Gothenburg"]
[Date "1998.01.12"]
[Round "6"]
[White "Ziegler, Ari"]
[Black "Brynell, Stellan"]
[Result "0-1"]
[WhiteElo "2425"]
[BlackElo "2475"]

1.d4 d5 2.c4 dxc4 3.e4 Nf6 4.e5 Nd5 5.Bxc4 Nb6 6.Bd3 Nc6 7.Be3 Nb4 8.Be4 f5
9.exf6 exf6 10.a3 f5 11.axb4 Bxb4+ 12.Nc3 fxe4 13.Qh5+ Kf8 14.Ne2 Be6 15.O-O Qe8
16.Qh4 Bc4 17.f3 Bxc3 18.fxe4+ Kg8 19.Nxc3 Bxf1 20.Rxf1 Qd7 21.d5 h6 22.Ne2 Rf8
23.Rxf8+ Kxf8 24.Nd4 Kg8 25.Ne6 c6 26.Bd4 cxd5 27.Nxg7 dxe4 28.Qxe4 Qd5 29.Qg4 Qg5
30.Qe4 Qd5 31.Qf4 Qg5 32.Qb8+ Kh7 33.Qc7 Rc8 34.Qf7 Rc1+ 35.Kf2 Rc2+  0-1

[Event "Novak Nikolic mem 1st"]
[Site "Belgrade"]
[Date "1998.02.15"]
[Round "10"]
[White "Zontakh, Andrey"]
[Black "Mirkovic, Slobodan"]
[Result "1-0"]
[WhiteElo "2545"]
[BlackElo "2380"]

1.d4 d5 2.c4 dxc4 3.e4 c5 4.d5 e6 5.Nc3 Nf6 6.Bxc4 exd5 7.Nxd5 Nxd5 8.Bxd5 Be7
9.Ne2 O-O 10.O-O Nd7 11.Nc3 Bf6 12.Be3 Bxc3 13.bxc3 Qc7 14.c4 Nf6 15.Qd2 Nxd5
16.cxd5 Bd7 17.Bf4 Qd8 18.Rfe1 Re8 19.Rac1 Rc8 20.Rc3 Qh4 21.Bg5 Qh5 22.Rg3 Kf8
23.Qf4 Qg6 24.h4 Qb6 25.e5 h6 26.Bf6 gxf6 27.Qxh6+ Ke7 28.d6+ Ke6 29.Rd3  1-0

[Event "Malaga op"]
[Site "Malaga"]
[Date "1998.02.20"]
[Round "8"]
[White "Del Rey, Diego"]
[Black "Romero Holmes, Alfonso"]
[Result "1/2-1/2"]
[WhiteElo "2350"]
[BlackElo "2490"]

1.d4 d5 2.c4 dxc4 3.e4 c5 4.Nf3 cxd4 5.Qxd4 Qxd4 6.Nxd4 Bd7 7.Bxc4 Nc6 8.Nxc6 Bxc6
9.f3 e6 10.Be3 Bb4+ 11.Kf2 Ne7 12.Nd2 O-O 13.Nb3 Rfc8 14.Rac1 Be8 15.Be2 Bd6
16.Bc5 Bxc5+ 17.Nxc5 Rc7 18.Nb3 Rac8 19.Rxc7 Rxc7 20.Rc1 Rxc1 21.Nxc1  1/2-1/2

[Event "Masters"]
[Site "Bunratty"]
[Date "1998.02.21"]
[Round "2"]
[White "Gormally, Daniel"]
[Black "Brady, Stephen"]
[Result "1-0"]
[WhiteElo "2415"]
[BlackElo "2345"]

1.d4 d5 2.c4 dxc4 3.e4 Nf6 4.e5 Nd5 5.Bxc4 Nb6 6.Bb3 Nc6 7.Ne2 Bf5 8.Be3 e6
9.Nbc3 Nb4 10.O-O Be7 11.Nf4 c6 12.a3 N4d5 13.Ncxd5 cxd5 14.Rc1 O-O 15.Bc2 Bxc2
16.Rxc2 Nc4 17.Bc1 Bg5 18.b3 Bxf4 19.Bxf4 Nxa3 20.Rc3 Qh4 21.Qd2 Rfc8 22.Rh3 Qg4
23.Rg3 Qf5 24.Bh6 g6 25.Rf3 Qh5 26.Bg5 Qg4 27.Bh6  1-0

[Event "Masters"]
[Site "Bunratty"]
[Date "1998.02.22"]
[Round "4"]
[White "Gormally, Daniel"]
[Black "Baburin, Alexander"]
[Result "0-1"]
[WhiteElo "2415"]
[BlackElo "2600"]

1.d4 d5 2.c4 dxc4 3.e4 Nc6 4.Nf3 Bg4 5.d5 Ne5 6.Nc3 Nf6 7.Bf4 Ng6 8.Be3 e5
9.dxe6 Bxe6 10.Nd4 Ng4 11.Nxe6 Qxd1+ 12.Rxd1 fxe6 13.Bxc4 Nxe3 14.fxe3 Bc5
15.Bxe6 c6 16.Ke2 Ke7 17.Bb3 Rhf8 18.Rhf1 Bd6 19.Rf5 Ne5 20.Rdf1 g6 21.R5f4 b5
22.Nd1 Rad8 23.Nf2 Bc7 24.Rd1 Rxd1 25.Nxd1 Rd8 26.Rf2 a5 27.a4 Nd3  0-1

[Event "VISA GP"]
[Site "Reykjavik"]
[Date "1998.03.14"]
[Round "5"]
[White "Rausis, Igors"]
[Black "Westerinen, Heikki MJ"]
[Result "1/2-1/2"]
[WhiteElo "2520"]
[BlackElo "2410"]

1.d4 d5 2.c4 dxc4 3.e4 e5 4.Nf3 Bb4+ 5.Bd2 Bxd2+ 6.Nbxd2 exd4 7.Bxc4 Nc6
8.O-O Qf6 9.b4 Bg4 10.Qa4 Bd7 11.b5 Nd8 12.e5 Qb6 13.Bd3 Ne7 14.Qa3 Ne6 15.Rfc1 Nf4
16.Nc4 Qh6 17.Bf1 Qg6 18.Kh1 d3 19.b6 Bc6 20.bxc7 Nh3 21.Nd6+ Kd7 22.e6+ Qxe6
23.Nxf7 Nxf2+ 24.Kg1 Nh3+ 25.Kh1 Nf2+ 26.Kg1 Nh3+ 27.Kh1  1/2-1/2

[Event "Clarin GP f"]
[Site "Villa Gisell"]
[Date "1998.03.14"]
[Round "8"]
[White "Sorin, Ariel"]
[Black "Slipak, Sergio"]
[Result "1/2-1/2"]
[WhiteElo "2460"]
[BlackElo "2510"]

1.d4 d5 2.c4 dxc4 3.e4 Nc6 4.Nf3 Bg4 5.Be3 Bxf3 6.gxf3 e6 7.Bxc4 Qf6 8.e5 Qh4
9.Bb5 Bb4+ 10.Nc3 Ne7 11.Qa4 O-O 12.O-O-O Bxc3 13.bxc3 Nd5 14.Qc2 f6 15.exf6 Rxf6
16.Be2 Nf4 17.Rdg1 Rg6 18.Rxg6 hxg6 19.Bc4 Na5 20.Bb3 Rf8 21.Qe4 Qf6 22.Kc2 Nxb3
23.axb3 Nd5 24.Rg1 Qxf3 25.Qxe6+ Rf7 26.Bd2 Qxf2 27.Rg5 Ne7 28.h3 Kh7 29.h4 Qf6
30.Qe4 Qf3 31.Qe6 Qf6 32.Qe4 Qf3 33.Qe6  1/2-1/2

[Event "JUG-ch53"]
[Site "Belgrade "]
[Date "1998.03.22"]
[Round "9"]
[White "Ilincic, Zlatko"]
[Black "Drasko, Milan"]
[Result "1-0"]
[WhiteElo "2565"]
[BlackElo "2515"]

1.d4 d5 2.c4 dxc4 3.e4 Nf6 4.e5 Nd5 5.Bxc4 Nb6 6.Bb3 Nc6 7.Ne2 Bf5 8.Nbc3 e6
9.a3 Qd7 10.Be3 O-O-O 11.O-O f6 12.exf6 gxf6 13.Ng3 Bg6 14.Nge4 Nd5 15.Nxd5 exd5
16.Nc3 Qf5 17.Ba2 Rg8 18.Kh1 h5 19.b4 Bf7 20.Rg1 h4 21.Rc1 h3 22.g4 Qd7 23.f3 f5
24.g5 Ne7 25.Bf4 Ng6 26.Bxc7 Kxc7 27.Nxd5+ Kb8 28.Nf6 Qd6 29.Bxf7 Rg7 30.Ne8 Rxe8
31.Bxe8 Nf4 32.Qc2 a6 33.Qxf5 Ne2 34.Rc8+ Ka7 35.Rd1 Be7 36.g6  1-0